000 00668nam a2200253Ia 4500
003 OSt
005 20221007104454.0
006 a|||||r|||| 00| 0
007 ta
008 221006b |||||||| |||| 00| 0 eng d
024 _a15,905
037 _cTextual
040 _aLCO
_cLCO
_beng
041 _2eng
_aeng
082 _aZ2,75,15, L4
100 _aSohoni's
_9706096
245 0 _aCode of Criminal Procedure,1973
250 _a17th
260 _aAllahabad
_bLaw Book Company India
_c1974
490 _vVOL-1,2,3,42
650 _aCRIMINAL PROCEDURE
_9681582
942 _hZ2,75,15, L4
_cTEXL
999 _c1185468
_d1185468